header

Engaging with capitalism (Record no. 4103)

MARC details
000 -LEADER
fixed length control field 01510nam a2200373 a 4500
245 00 - TITLE STATEMENT
Title Engaging with capitalism
250 ## - EDITION STATEMENT
Edition statement 1st ed.
260 ## - PUBLICATION, DISTRIBUTION, ETC. (IMPRINT)
Place of publication Bingley, United Kingdom :
Name of publisher Emerald,
Year of publication 2013.
300 ## - PHYSICAL DESCRIPTION
Number of Pages x, 357 p. :
Other physical details ill., map.
490 1# - SERIES STATEMENT
Series statement Research in economic anthropology,
650 #0 - SUBJECT ADDED ENTRY--TOPICAL TERM
Topical Term Indigenous peoples
Topical Term Indigenous peoples
Topical Term Indigenous peoples
Topical Term Capitalism
700 1# - ADDED ENTRY--PERSONAL NAME
Personal name McCormack, Fiona.
Personal name Barclay, Kate.
856 40 - ELECTRONIC LOCATION AND ACCESS
Uniform Resource Identifier http://site.ebrary.com/lib/rucke/Doc?id=10705874

No items available.

© 2026 Rongo University
Contact us: librarian | system librarian | Rongo university